| 000 | 02128cam a22004934i 4500 | ||
|---|---|---|---|
| 003 | PE-LiUPU | ||
| 005 | 20250731173428.0 | ||
| 008 | 150706s r 000 0 d | ||
| 035 | _a(Sirsi) a52127 | ||
| 040 |
_aPE-LiUPU _bspa _cPE-LiUPU _erda |
||
| 049 | _aPRUA | ||
| 082 | 0 | 4 |
_a263.2 _bS81 _221 |
| 100 | 1 |
_aStein Filho, Guilherme, _eautor. |
|
| 245 | 1 | 0 |
_aO sábado ou o repouso do sétimo dia : _bsua historia, seu objectivo e seu problema actual / _cGuilherme Stein Filho. |
| 250 | _a2a ed. | ||
| 264 | 1 |
_aBrasília : _bSociedade Criacionista Brasileira, _c2001. |
|
| 300 |
_a290 páginas : _bilustraciones ; _c21 cm. |
||
| 336 |
_atext _2rdacontent |
||
| 337 |
_aunmediated _2rdamedia |
||
| 338 |
_avolume _2rdacarrier |
||
| 505 | 0 | _aInstituição do sábado -- Como o sétimo dia devia definir-se no seu caráter de repouso de Deus -- Por quem, por causa de quem e porque o sábado foi feito -- O sábado como memória de redenção - A redenção, uma nova criação -- O sábado como pedra de toque -- Cristo e o sábado -- A universalidade do sábado -- Quem mudou o sábado? -- A besta -- Outra besta -- O sinal da besta e sua imposição -- O advento do profeta Elias. | |
| 526 | _aSEG42 | ||
| 526 | _aSEG41 | ||
| 526 | _aSEG40 | ||
| 526 | _aSEG39 | ||
| 526 | _aP94 | ||
| 526 | _aP87 | ||
| 526 | _aP86 | ||
| 526 | _aP85 | ||
| 526 | _aP77 | ||
| 526 | _aP76 | ||
| 526 | _aP35 | ||
| 650 | 0 | 4 |
_aSábado _xEnseñanza bíblica. _92372 |
| 650 | 0 | 4 |
_aSábado _xHistoria. |
| 700 | 1 |
_aVieira, Ruy Carlos de Camargo, _eed. |
|
| 700 | 1 |
_aCorrea Vieira, Rui, _eed. |
|
| 910 |
_clch _d20130506 |
||
| 942 |
_2ddc _cBOOK |
||
| 949 |
_a263.2 S81 _wDEWEY _c1 _i67020 _lCCODEBUL1 _mBUL _p14.00 _r0 _sY _tLIBRO _u2015-07-06 _xBIBLIOTECA _zUNKNOWN _o.STAFF. Colección General |
||
| 994 |
_aC0 _bPEPRU |
||
| 596 | _a1 | ||
| 999 |
_a263.2 S81 _wDEWEY _c54725 _i67020 _d54725 _f2021-11-10 _g5 _lCCODEBUL1 _mBUL _p14.00 _q2 _r0 _sY _tBOOK _u2015-7-6 _xTEOLOGIA _zUNKNOWN _0COMPRA _o.STAFF. Colección General |
||
| 980 |
_81 _gALBERTO SANCHEZ Responsable de Automatización |
||